| 000 | 00546nam a2200169 i 4500 | ||
|---|---|---|---|
| 001 | 117011 | ||
| 003 | ES-MaACL | ||
| 005 | 20230906190818.0 | ||
| 007 | t| | ||
| 008 | 070228s1926 fr r ||||1| fre d | ||
| 100 | 1 |
_aPasquier, L. Gustave Du. _989432 |
|
| 245 | 1 | 3 |
_aLe calcul des probabilités _b: son evolution mathematique et philosophique / _cpar L. Gustave Du Pasquier. |
| 260 |
_aParis : _bLibrairie Scientifique J. Hermann, _c1926. |
||
| 300 |
_aXXI, 304 p. ; _c25 cm. |
||
| 650 | 4 |
_aProbabilidades. _916411 |
|
| 852 |
_aES-MaACL _jA-1633 |
||
| 999 |
_c117011 _d117011 |
||